Living history / (Record no. 6824)

MARC details
000 -LEADER
fixed length control field 01073nam a22002537a 4500
001 - CONTROL NUMBER
control field 6824
003 - CONTROL NUMBER IDENTIFIER
control field FISKH
005 - DATE AND TIME OF LATEST TRANSACTION
control field 20250529145901.0
008 - FIXED-LENGTH DATA ELEMENTS--GENERAL INFORMATION
fixed length control field 250529b cb ||||| |||| 00| 0 eng d
020 ## - INTERNATIONAL STANDARD BOOK NUMBER
International Standard Book Number 9780743262026
040 ## - CATALOGING SOURCE
Original cataloging agency FISKH
Language of cataloging eng
Transcribing agency FISKH
Modifying agency FISKH
050 ## - LIBRARY OF CONGRESS CALL NUMBER
Classification number E887.C55 A3
082 ## - DEWEY DECIMAL CLASSIFICATION NUMBER
Classification number 973.929092
100 ## - MAIN ENTRY--PERSONAL NAME
Personal name Clinton, Hillary Rodham
245 ## - TITLE STATEMENT
Title Living history /
Statement of responsibility, etc. By Hillary Rodham Clinton
250 ## - EDITION STATEMENT
Edition statement First scribner mass market paperback export edition 2004
260 ## - PUBLICATION, DISTRIBUTION, ETC.
Place of publication, distribution, etc. New York :
Name of publisher, distributor, etc. Scribner ,
Date of publication, distribution, etc. 2003.
300 ## - PHYSICAL DESCRIPTION
Extent 846 pages :
Other physical details illustrations ;
Dimensions 18 cm .
520 ## - SUMMARY, ETC.
Summary, etc. [The author writes] about her upbringing in suburban, middle-class America in the 1950s and her transformation from Goldwater Girl to student activist to controversial First Lady. [This book] is her revealing memoir of life through the White House years. It is also her chronicle of living history with Bill Clinton. -Dust jacket.
650 ## - SUBJECT ADDED ENTRY--TOPICAL TERM
Topical term or geographic name entry element Clinton, Hillary Rodham
Form subdivision Non-fiction
650 ## - SUBJECT ADDED ENTRY--TOPICAL TERM
Topical term or geographic name entry element Clinton, Bill, 1946
Form subdivision Non-fiction
942 ## - ADDED ENTRY ELEMENTS (KOHA)
Source of classification or shelving scheme Dewey Decimal Classification
Koha item type Books
Suppress in OPAC No
Holdings
Withdrawn status Lost status Source of classification or shelving scheme Damaged status Not for loan Collection Home library Current library Shelving location Date acquired Total Checkouts Full call number Barcode Date last seen Date last checked out Price effective from Koha item type
    Dewey Decimal Classification     Non-Fiction Footprints International School Library Network Toul Tom Poung Campus Footprints International School Library Network Toul Tom Poung Campus TTP Secondary Non-Fiction Bookshelves 05/29/2025 1 CLI 973.929092 E887.C55 A3 2025-1442 01/09/2026 10/22/2025 05/29/2025 Books